[Event "Wiesbaden op"]
[Site "Wiesbaden"]
[Date "1993.??.??"]
[Round "4"]
[White "Schirm, Friedmar"]
[Black "Grabliauskas, Virginijus"]
[Result "0-1"]
[WhiteElo "2310"]
[BlackElo "2300"]

1.Nf3 d5 2.c4 e6 3.g3 Nf6 4.b3 a5 5.Bb2 a4 6.Na3 c6 7.Bg2 Bd6 8.Nc2 Qe7 9.Be5 Bxe5
10.Nxe5 Nbd7 11.f4 Nxe5 12.fxe5 Ng4 13.d4 f6 14.O-O O-O 15.h3 Nh6 16.Qd2 fxe5
17.dxe5 axb3 18.axb3 Rxa1 19.Rxa1 Nf7 20.Qe3 Qc7 21.c5 Qxe5 22.Qxe5 Nxe5
23.Nd4 Ng6 24.b4 e5 25.Nb3 h5 26.h4 Ne7 27.Ra7 Nf5 28.Kh2 Ne3 29.Bf3 g6 30.Kg1 e4
31.Bg2 Kg7 32.Nd4 Kf6 33.Kf2 Ng4+ 34.Ke1 Ke5 35.Nc2 d4 36.Na3 Ne3  0-1

[Event "Wiesbaden op"]
[Site "Wiesbaden"]
[Date "1993.??.??"]
[Round "6"]
[White "Matthaei, Alexander"]
[Black "Grabliauskas, Virginijus"]
[Result "0-1"]
[WhiteElo "2260"]
[BlackElo "2300"]

1.Nf3 d5 2.c4 e6 3.d4 Nf6 4.e3 Be7 5.Nbd2 b6 6.Bd3 Bb7 7.Qe2 Nbd7 8.cxd5 exd5
9.Ne5 Nxe5 10.dxe5 Nd7 11.e6 fxe6 12.Qh5+ Kf8 13.O-O Qe8 14.Qh3 Qf7 15.f4 Nc5
16.Be2 h5 17.g4 Kg8 18.gxh5 Ba6 19.Bxa6 Nxa6 20.Nf3 Rxh5 21.Qg2 Bf6 22.Ne5 Bxe5
23.fxe5 Rf5 24.Bd2 Rf8 25.Rf4 Qh5 26.Raf1 Qg5 27.Qxg5 Rxg5+ 28.Kh1 Rgf5 29.Kg2 c5
30.Kg3 Nb8 31.Rxf5 Rxf5 32.Rxf5 exf5 33.Kf4 g6 34.e6 Nc6 35.h4 Kg7 36.h5 Kf6
37.hxg6 Ne7 38.Bc3+ d4 39.exd4 Nd5+ 40.Kf3 c4 41.Be1 Kxg6 42.Bh4 b5 43.a3 a5
44.Ke2 a4 45.Kd2 f4 46.Kc2 f3 47.Kd2 Kg7 48.Kc2 Kh6 49.Kd2 Kg6 50.Kd1 Nf4
51.Kd2 Nxe6 52.d5 Nc5 53.Kc3 Kh5 54.Be1 Nd3 55.d6 Nxe1 56.Kd2 Ng2 57.d7 f2
58.Ke2 Nf4+ 59.Kxf2 Ne6 60.Ke3 Kg5 61.Kd2 Kf6 62.Kc3 Ke7 63.Kb4 Nc7  0-1

[Event "Wiesbaden op"]
[Site "Wiesbaden"]
[Date "1993.??.??"]
[Round "8"]
[White "Schirm, Friedmar"]
[Black "Schaefer, Michael"]
[Result "1-0"]
[WhiteElo "2310"]
[BlackElo "2215"]

1.Nf3 d5 2.c4 e6 3.g3 Nf6 4.Bg2 Be7 5.O-O O-O 6.b3 c5 7.e3 Nc6 8.Bb2 b6 9.Nc3 Bb7
10.cxd5 Nxd5 11.Nxd5 Qxd5 12.d4 Qh5 13.dxc5 Bxc5 14.Ne5 Qxd1 15.Rfxd1 Na5
16.Bxb7 Nxb7 17.Rd7 Nd8 18.Nd3 Nc6 19.Nxc5 bxc5 20.Rc1 Nb8 21.Rd6 a5 22.Rxc5 a4
23.b4 h6 24.Ra5 Rxa5 25.bxa5 Rc8 26.a6 Nc6 27.Bd4 Kh7 28.Bc5 Kg6 29.a3 Rc7
30.Bb6 Rc8 31.g4 Kf6 32.a7  1-0

[Event "Zagreb Vukovar"]
[Site "Zagreb"]
[Date "1993.??.??"]
[Round "4"]
[White "Mohr, Georg"]
[Black "Kovacevic, Vlatko"]
[Result "1/2-1/2"]
[WhiteElo "2435"]
[BlackElo "2485"]

1.Nf3 d5 2.c4 e6 3.g3 dxc4 4.Qa4+ Nd7 5.Qxc4 c5 6.Qb3 b6 7.Bg2 Bb7 8.O-O Ngf6
9.Nc3 Be7 10.d3 O-O 11.a4 a6 12.Ng5 Bxg2 13.Kxg2 Ne5 14.Nge4 Nxe4 15.Nxe4 Qd5
16.Qxd5 exd5 17.Nc3 Rfd8 18.Bf4 f6 19.Rfd1 Rac8 20.Bxe5 fxe5 21.b3 Kf7 22.Rac1 Ke6
23.e4 dxe4 24.Nxe4 Rd4 25.Rc4 h5 26.Kf3 Kd7 27.Ke2 Ke6 28.Rdc1 Rcd8 29.Rxd4 Rxd4
30.Rc4 Kd5 31.Nc3+ Kc6 32.Rxd4 cxd4 33.Ne4 g6  1/2-1/2

[Event "Zaragoza op"]
[Site "Zaragoza"]
[Date "1993.??.??"]
[Round "?"]
[White "Hodgson, Julian M"]
[Black "Garcia Palermo, Carlos"]
[Result "1/2-1/2"]
[WhiteElo "2625"]
[BlackElo "2455"]

1.Nf3 d5 2.c4 dxc4 3.Na3 c5 4.Nxc4 Nc6 5.b3 e5 6.Bb2 f6 7.g3 Be6 8.Bg2 Nge7
9.O-O Qd7 10.e3 Nf5 11.Rc1 Be7 12.d4 cxd4 13.exd4 e4 14.Nfd2 Nfxd4 15.Nxe4 O-O
16.Bxd4 Nxd4 17.Ned6 Bxc4 18.Rxc4 Ne2+ 19.Qxe2 Bxd6 20.Rd1 Rad8 21.Rcd4 Qe7
22.Qxe7 Bxe7 23.Bd5+ Kh8 24.Bxb7 Rxd4 25.Rxd4 Rd8 26.Re4 Ba3 27.Kf1 g6 28.Ke2 Kg7
29.Bc6 f5 30.Ra4 Bc5 31.Rc4 Bb6 32.b4 Rd4 33.Rxd4 Bxd4 34.f3  1/2-1/2

[Event "Zuerich op"]
[Site "Zuerich"]
[Date "1993.??.??"]
[Round "?"]
[White "Trauth, Michael"]
[Black "Wirthensohn, Heinz"]
[Result "0-1"]
[WhiteElo "2260"]
[BlackElo "2400"]

1.Nf3 d5 2.c4 e6 3.b3 Nf6 4.g3 Be7 5.Bg2 O-O 6.O-O c5 7.Bb2 Nc6 8.cxd5 exd5
9.d4 Re8 10.Nc3 Bg4 11.Ne5 cxd4 12.Nxc6 bxc6 13.Qxd4 c5 14.Qd3 d4 15.Ne4 Rc8
16.Ng5 Bf8 17.Rfe1 Qd7 18.Rad1 h6 19.Nf3 Bf5 20.Qc4 Be4 21.Nd2 Bxg2 22.Kxg2 Qb7+
23.Kg1 Re6 24.Qd3 Rce8 25.Nc4 h5 26.h4 Ne4 27.Nd2 Nxg3 28.e4 Nxe4  0-1

[Event "Aegina op"]
[Site "Aegina"]
[Date "1994.??.??"]
[Round "8"]
[White "Nikcevic, Nebojsa"]
[Black "Mamedova, Rena"]
[Result "0-1"]
[WhiteElo "2470"]
[BlackElo "2125"]

1.Nf3 d5 2.c4 dxc4 3.e3 Nf6 4.Bxc4 e6 5.d4 c5 6.O-O a6 7.Qe2 b5 8.Bb3 Bb7
9.Rd1 Nbd7 10.a4 b4 11.Nbd2 Be7 12.e4 cxd4 13.e5 Ng4 14.Nc4 Bxf3 15.gxf3 Nc5
16.Bc2 Nh6 17.Be3 Nf5 18.Bxf5 exf5 19.Rxd4 Qb8 20.Rd5 Ne6 21.Rad1 f4 22.Bb6 O-O
23.a5 Qc8 24.b3 Ng5 25.Rd7 Re8 26.Kh1 Qc6 27.R7d3 Bf8 28.Rg1 Qh6 29.Qf1 Re6
30.Bd8 Nxf3 31.Rxf3 Rxd8 32.Rh3 Rd1 33.Rxh6 Rxf1 34.Rxf1 Rxh6 35.Rd1 Rh3
36.Rd8 g5 37.Nd2 Kg7 38.Kg2 Rc3 39.Ne4 Rxb3 40.Nxg5 Be7  0-1

[Event "Alcobendas"]
[Site "Alcobendas"]
[Date "1994.??.??"]
[Round "1"]
[White "Roa Alonso, Santiago"]
[Black "Rojo Huerta, Gabriel"]
[Result "1-0"]
[WhiteElo "2330"]
[BlackElo "2370"]

1.Nf3 d5 2.c4 c6 3.b3 Nf6 4.Bb2 Bg4 5.e3 Nbd7 6.Be2 e6 7.h3 Bxf3 8.Bxf3 Bd6
9.Nc3 O-O 10.O-O Qe7 11.d4 Rad8 12.c5 Bb8 13.b4 e5 14.a4 Rfe8 15.b5 e4 16.Be2 Nf8
17.a5 Ne6 18.g3 Qd7 19.Kg2 h5 20.h4 g6 21.a6 Ng7 22.Rh1 Nf5 23.Bc1 Re6 24.axb7 Qxb7
25.bxc6 Rxc6 26.Qa4 Ng4 27.Rb1 Qc7 28.Bxg4 hxg4 29.Nxd5 Rxd5 30.Rxb8+ Qxb8
31.Qxc6 Ne7 32.Qf6 Qb7 33.Ba3 Rf5 34.Qd6 Rf3 35.h5 Nf5 36.Qd8+ Kg7 37.hxg6 Qb5
38.Rh7+ Kxg6 39.Qg8+ Kf6 40.Qxf7+  1-0

[Event "Altensteig-J"]
[Site "Altensteig"]
[Date "1994.??.??"]
[Round "?"]
[White "Maiwald, Jens Uwe"]
[Black "Froehlich, Peter"]
[Result "1-0"]
[WhiteElo "2490"]
[BlackElo "2215"]

1.Nf3 d5 2.c4 c6 3.d4 Nf6 4.e3 Bf5 5.cxd5 cxd5 6.Qb3 Qc7 7.Bd2 e6 8.Bb5+ Nc6
9.Bb4 Bd6 10.Qa3 Ke7 11.Bxd6+ Qxd6 12.Bxc6 Qxa3 13.Nxa3 bxc6 14.Ne5 Rhc8
15.Rc1 c5 16.dxc5 Rab8 17.b3 Ne4 18.Nd3 Rc6 19.f3 Ra6 20.fxe4 Bxe4 21.Nf2 Rxa3
22.Nxe4 dxe4 23.Rc2 a5 24.c6 a4 25.b4 Kd6 26.O-O f5 27.c7 Rc8 28.Rfc1 Rd3
29.b5 Rd5 30.b6 Rb5 31.Rd2+ Ke7 32.Rc6 f4 33.Kf2 a3 34.Rcd6 Rb2 35.Rd7+ Kf6
36.Rxb2 axb2 37.Rd1 Re8 38.Rb1  1-0

[Event "Alushta1"]
[Site "Alushta"]
[Date "1994.??.??"]
[Round "2"]
[White "Manakova, Maria"]
[Black "Moskalenko, Viktor"]
[Result "0-1"]
[WhiteElo "2315"]
[BlackElo "2535"]

1.Nf3 d5 2.c4 e6 3.g3 c5 4.Bg2 Nc6 5.O-O Nf6 6.d4 Be7 7.cxd5 exd5 8.Nc3 O-O
9.b3 Bg4 10.Ne5 cxd4 11.Nxc6 bxc6 12.Qxd4 c5 13.Qd2 d4 14.Na4 Rc8 15.Ba3 Re8
16.Rfe1 Qd7 17.Nb2 Bh3 18.Bf3 Ng4 19.Nc4 h6 20.Qd3 Bg5 21.Bc1 Nf6 22.Bxg5 hxg5
23.e4 Re6 24.e5 Qe7 25.Qd2 Nd7 26.Nd6 Nxe5 27.Rxe5 Rxe5 28.Nxc8 Bxc8 29.Rc1 Bh3
30.Bg2 g4 31.b4 Re2 32.Qd3 Re1+ 33.Rxe1 Qxe1+ 34.Qf1 Qxb4 35.Bxh3 gxh3 36.Qxh3 Qb1+
37.Kg2 Qe4+ 38.Kg1 d3 39.Qc8+ Kh7 40.Qxc5 d2 41.Qh5+ Kg8  0-1

[Event "Amstelveen"]
[Site "Amstelveen"]
[Date "1994.??.??"]
[Round "1"]
[White "Loeffler, Stefan"]
[Black "Fries Nielsen, Jens Ove"]
[Result "1/2-1/2"]
[WhiteElo "2440"]
[BlackElo "2390"]

1.Nf3 d5 2.c4 e6 3.d4 c6 4.Qc2 Nf6 5.Bg5 h6 6.Bh4 Be7 7.e3 O-O 8.Nc3 Nbd7
9.Rc1 a6 10.Bd3 dxc4 11.Bxc4 b5 12.Be2 c5 13.dxc5 Nxc5 14.O-O Bb7 15.Rfd1 Qe8
16.b4 Nce4 17.Nxe4 Bxe4 18.Qb2 a5 19.Nd4 axb4 20.Bxb5 Qb8 21.Bc6 Bxc6 22.Nxc6 Qb7
23.Rc4 Rfe8 24.Nxe7+ Qxe7 25.Rxb4 Red8 26.Rb1 g5 27.Rb7 Rxa2 28.Qc1 Qe8 29.Bg3 Ne4
30.Qc7 Rad2 31.h3 R2d7 32.Rb8 Rxc7  1/2-1/2

[Event "Amstelveen"]
[Site "Amstelveen"]
[Date "1994.??.??"]
[Round "8"]
[White "Bertholee, Rob"]
[Black "Van de Oudeweetering, Arthur"]
[Result "1-0"]
[WhiteElo "2335"]
[BlackElo "2325"]

1.Nf3 d5 2.c4 c6 3.b3 Bg4 4.e3 Nd7 5.Bb2 e5 6.h3 Bxf3 7.Qxf3 Ngf6 8.Nc3 dxc4
9.Bxc4 Be7 10.g4 h6 11.Ne4 Qa5 12.Bc3 Qc7 13.Nxf6+ Bxf6 14.h4 O-O-O 15.O-O-O Kb8
16.Qg3 e4 17.Bxf7 Be5 18.Bxe5 Nxe5 19.Bc4 Rhf8 20.Be2 Qa5 21.d4 exd3 22.Bxd3 Qc3+
23.Bc2 Ka8 24.Kb1 a5 25.f4 Nd3 26.Bxd3 Rxd3 27.Rc1 Qf6 28.Qe1 Rd5 29.Qc3 Qg6+
30.Ka1 Rf7 31.g5 Qd6 32.e4 Rb5 33.e5 Qe6 34.Rhd1 Rd5 35.gxh6 gxh6 36.Qc4 Rfd7
37.Rxd5 Rxd5 38.Qe4 Qg4 39.e6 Qg7+ 40.Kb1 Rd2 41.Qe5 Qe7 42.Qxa5+ Kb8 43.Qxd2  1-0

[Event "Andorra op"]
[Site "Andorra"]
[Date "1994.??.??"]
[Round "8"]
[White "Komljenovic, Davor"]
[Black "Lupu, Mircea Sergiu"]
[Result "0-1"]
[WhiteElo "2465"]
[BlackElo "2420"]

1.Nf3 d5 2.c4 c6 3.d4 Nf6 4.Nc3 e6 5.Bg5 dxc4 6.e4 b5 7.e5 h6 8.Bh4 g5 9.Nxg5 hxg5
10.Bxg5 Nbd7 11.exf6 Bb7 12.g3 c5 13.d5 Nxf6 14.Bg2 Bh6 15.Bxf6 Qxf6 16.O-O O-O-O
17.Nxb5 exd5 18.Nxa7+ Kb8 19.Nb5 Bg5 20.f4 Qh6 21.fxg5 Qxh2+ 22.Kf2 d4 23.Rg1 Rh4
24.Qe2 Re4 25.Qf3 d3 26.Kf1 Re1+ 27.Rxe1 Bxf3 28.Bxf3 d2 29.Rd1 Re8 30.a4 Re3
31.Bg4 Re1+ 32.Rxe1 dxe1=Q+ 33.Kxe1 Qxg1+ 34.Kd2 Qxg3 35.Be2 Qe5 36.a5 Kb7  0-1

[Event "AUT-chT2W 9495"]
[Site "Austria"]
[Date "1994.??.??"]
[Round "?.1"]
[White "Plieger, Josef"]
[Black "Adensamer, Gerhard"]
[Result "1/2-1/2"]
[WhiteElo "2045"]
[BlackElo "1910"]

1.Nf3 d5 2.c4 c6 3.d4 Bf5 4.Nc3 Nf6 5.e3 e6 6.Be2 Nbd7 7.O-O Bd6 8.b3 Rc8
9.Bb2 Ne4 10.Nxe4 Bxe4 11.Ne1 O-O 12.f3 Bg6 13.Bd3 Qh4 14.g3 Qh3 15.Rf2 Bxd3
16.Nxd3 f5 17.Nf4 Qh6 18.h4 Rce8 19.Qd2 Rf7 20.Rg2 Nf6 21.Kf2 g6 22.Re1  1/2-1/2

[Event "AUT-ch"]
[Site "Austria"]
[Date "1994.??.??"]
[Round "1"]
[White "Rockenschaub, Manfred"]
[Black "Koller, Hubert"]
[Result "0-1"]
[WhiteElo "2280"]
[BlackElo "2155"]

1.Nf3 d5 2.c4 d4 3.g3 c5 4.b4 b6 5.Bg2 Bb7 6.O-O Nd7 7.d3 e5 8.Qa4 Bd6 9.bxc5 bxc5
10.Nbd2 Ne7 11.Ng5 Bxg2 12.Kxg2 O-O 13.Nge4 Bc7 14.Ba3 Bb6 15.Nb3 Qc7 16.e3 f5
17.Ng5 h6 18.Ne6 Qb7+ 19.Kg1 Rfc8 20.exd4 exd4 21.Rae1 Ng6 22.f4 Rc6 23.Re2 Rac8
24.Rb1 Kf7 25.Na5 Qa6 26.Rxb6 Nxb6 27.Nd8+ Kg8 28.Qb5 Qxb5 29.cxb5 R6c7 30.Ndc6 Nd7
31.h4 h5 32.Bc1 Kf8 33.Re6 Kf7 34.Rd6 Re8 35.Kf1 Ne7 36.Ba3 Nc8 37.Rd5 Ke6
38.Rxd7 Kxd7 39.Bxc5 a6 40.a4 axb5 41.axb5 Nd6 42.Ne5+ Rxe5 43.Bxd6 Rc1+
44.Kf2 Rc2+ 45.Kf1 Rxb5  0-1

[Event "AUT-ch"]
[Site "Austria"]
[Date "1994.??.??"]
[Round "2"]
[White "Eisterer, Heinrich"]
[Black "Vodep, Otto"]
[Result "1/2-1/2"]
[WhiteElo "2350"]
[BlackElo "2205"]

1.Nf3 d5 2.c4 c6 3.b3 Bg4 4.Bb2 Nd7 5.e3 e6 6.h3 Bxf3 7.Qxf3 Ngf6 8.Be2 Bd6
9.O-O Ne5 10.Bxe5 Bxe5 11.d4 Bc7 12.Nc3 Qd6 13.g3 Ba5 14.Rac1 O-O 15.Bd3 Bxc3
16.Rxc3 e5 17.dxe5 Qxe5 18.Rfc1 Rad8 19.cxd5 Rxd5 20.e4 Rd7 21.Rc5 Qe7 22.e5 Nd5
23.Qe4 g6 24.f4 Nb4 25.Bb1 b6 26.R5c4 c5 27.a3 Nd5 28.h4 Re8 29.b4 cxb4 30.axb4 a5
31.bxa5 bxa5 32.Rc5 Nb4 33.Rxa5 Red8 34.Ra8 Rxa8 35.Qxa8+ Kg7 36.Be4 Qe6
37.Bg2 Rd3 38.Qe4 Qb6+ 39.Kh1 Re3 40.Qc4 Rxg3 41.Rf1 Rg4 42.Bf3 Rxh4+ 43.Kg2 g5
44.Qc3 Na2 45.Qa1 Qe6 46.fxg5 Nb4 47.Qc3 Nd5 48.Bxd5 Qxd5+ 49.Kg3 Rd4 50.Qe1 Rd3+
51.Kf4 Rd4+ 52.Kg3 Re4 53.Qc3 Qxe5+ 54.Qxe5+ Rxe5 55.Kg4  1/2-1/2

[Event "AUT-ch"]
[Site "Austria"]
[Date "1994.??.??"]
[Round "3"]
[White "Knoll, Hermann"]
[Black "Posch, Werner"]
[Result "1/2-1/2"]
[WhiteElo "2290"]
[BlackElo "2200"]

1.Nf3 d5 2.c4 c6 3.g3 Nf6 4.Bg2 Bf5 5.b3 e6 6.O-O Nbd7 7.Bb2 Be7 8.d3 O-O
9.Nbd2 h6 10.a3 a5 11.Ra2 Bh7 12.Qa1 Ne8 13.Ne5 Nxe5 14.Bxe5 Bf6 15.Nf3 Bxe5
16.Nxe5 f6 17.Nf3 e5 18.Nd2 Nc7 19.Rc1 Bf5 20.cxd5 cxd5 21.Nf1 Be6 22.Ne3 Na6
23.Rac2 Qd7 24.Qb2 Rfd8 25.Bf3 Kh7 26.Bh1 Qd6  1/2-1/2

[Event "AUT-chT"]
[Site "?"]
[Date "1994.??.??"]
[Round "?"]
[White "Baumegger, Siegfried"]
[Black "Singer, Christoph"]
[Result "1/2-1/2"]
[WhiteElo "2260"]
[BlackElo "2225"]

1.Nf3 d5 2.c4 d4 3.g3 c5 4.b4 f6 5.bxc5 e5 6.d3 Bxc5 7.Bg2 Ne7 8.O-O Nec6
9.Nbd2 O-O 10.Nb3 Be7 11.e3 a5 12.a4 Qb6 13.exd4 exd4 14.Rb1 Rd8 15.Bf4 Bb4
16.c5 Bxc5 17.Nxc5 Qxc5 18.Qb3+ Qd5 19.Qxd5+ Rxd5 20.Nd2 Rd8 21.Bxb8 Nxb8
22.Bxb7 Ra7 23.Bxc8 Rxc8 24.Rfc1 Rxc1+ 25.Rxc1 Na6 26.Rc4 Rd7 27.Nb3 Nb4
28.Rxd4  1/2-1/2

[Event "AUT-chT"]
[Site "?"]
[Date "1994.??.??"]
[Round "?"]
[White "Weiss, Christian"]
[Black "Volkmann, Friedrich"]
[Result "1/2-1/2"]
[WhiteElo "2225"]
[BlackElo "2320"]

1.Nf3 d5 2.c4 e6 3.g3 Nf6 4.Bg2 Nbd7 5.O-O dxc4 6.Qa4 a6 7.Qxc4 b5 8.Qc2 Bb7
9.a4 c5 10.Nc3 Qb6 11.axb5 axb5 12.Rxa8+ Bxa8 13.d3 Be7 14.Be3 O-O 15.Ne4 Nxe4
16.dxe4 Qa6 17.Rd1 Bc6 18.e5 Qb7 19.Bg5 Bxg5 20.Nxg5 g6 21.Bxc6 Qxc6 22.Rd6 Qb7
23.Nf3 Ra8 24.Qd1 Ra7 25.h4 h6 26.Kh2 Kg7 27.Qd3 Nb8 28.Qe3 Nd7 29.h5 gxh5
30.Nh4 Qc7 31.Nf5+ exf5 32.Qxh6+ Kg8 33.Qg5+ Kf8 34.Rh6 Ke8 35.Rh8+ Nf8 36.Qh6 Qe7
37.Qc6+ Rd7 38.Qc8+ Rd8 39.Qc6+ Rd7  1/2-1/2

[Event "AUT-chT"]
[Site "?"]
[Date "1994.??.??"]
[Round "?"]
[White "Ager, Josef"]
[Black "Wiedner, Robert"]
[Result "1/2-1/2"]
[WhiteElo "2340"]
[BlackElo "2245"]

1.Nf3 d5 2.c4 c6 3.b3 Bg4 4.Ne5 Bh5 5.d4 e6 6.Bb2 Nf6 7.Nc3 Nbd7 8.Nxd7 Qxd7
9.Qd2 Bb4 10.a3 Ne4 11.Qc1 Ba5 12.b4 Nxc3 13.Qxc3 Bd8 14.e3 O-O 15.Bd3 f5
16.Qd2 Kh8 17.O-O Bc7 18.f3 Rf6 19.e4 Rg8 20.Rae1 Bf7 21.cxd5 cxd5 22.Qe2 Rh6
23.g3 f4 24.g4 dxe4 25.Bxe4 Bb6 26.Kh1 Rd8 27.Rd1 Bg6 28.Bxg6 Rxg6 29.Qe4  1/2-1/2

[Event "AUT-chT"]
[Site "?"]
[Date "1994.??.??"]
[Round "?"]
[White "Volkmann, Friedrich"]
[Black "Singer, Christoph"]
[Result "1-0"]
[WhiteElo "2320"]
[BlackElo "2225"]

1.Nf3 d5 2.c4 e6 3.g3 Nf6 4.Bg2 dxc4 5.Qa4+ Nbd7 6.Qxc4 c5 7.Qb3 Rb8 8.a4 b6
9.Nc3 Bb7 10.d3 Nd5 11.O-O Be7 12.e4 Nxc3 13.bxc3 O-O 14.Bf4 Rc8 15.Qb1 Bf6
16.d4 cxd4 17.cxd4 Re8 18.Rd1 g6 19.a5 Ra8 20.a6 Bc8 21.e5 Be7 22.d5 Rb8
23.d6 Bf8 24.Nd4 b5 25.Nc6 Qb6 26.Be3  1-0

[Event "AUT-chT"]
[Site "?"]
[Date "1994.??.??"]
[Round "?"]
[White "Mohr, Georg"]
[Black "Lukacs, Peter"]
[Result "1/2-1/2"]
[WhiteElo "2450"]
[BlackElo "2485"]

1.Nf3 d5 2.c4 e6 3.g3 dxc4 4.Qa4+ Nd7 5.Bg2 Nf6 6.Qxc4 a6 7.a4 c5 8.Qb3 Rb8
9.d3 Bd6 10.Nc3 O-O 11.Nd2 b6 12.Nc4  1/2-1/2

[Event "AUT-chT"]
[Site "?"]
[Date "1994.??.??"]
[Round "?"]
[White "Sommerbauer, Norbert"]
[Black "Enigl, Karl"]
[Result "1-0"]
[WhiteElo "2335"]
[BlackElo "2135"]

1.Nf3 d5 2.c4 e6 3.b3 Nf6 4.g3 Be7 5.Bg2 O-O 6.O-O c5 7.Bb2 Nc6 8.e3 b6 9.d3 Bb7
10.Qe2 Qc7 11.Nc3 Rfd8 12.Rfd1 a6 13.cxd5 Nxd5 14.Nxd5 Rxd5 15.d4 Rd7 16.dxc5 Rxd1+
17.Rxd1 Bxc5 18.Ng5 h6 19.Ne4 Be7 20.Rc1 f5 21.Nd2 b5 22.Qh5 Qd7 23.Nf3 Bf8
24.g4 fxg4 25.Qxg4 Re8 26.h4 Ba8 27.h5 Ne7 28.Ne5 Qd6 29.Bxa8 Rxa8 30.Rd1 Qc5
31.Qxe6+ Kh7 32.Rc1 Qb4 33.Ng6 Qd2 34.Nxe7 Bxe7 35.Qg6+  1-0

[Event "AUT-chT2S 9394"]
[Site "AUT"]
[Date "1994.??.??"]
[Round "?"]
[White "Pilaj, Herwig"]
[Black "Waldmann, Gerald"]
[Result "0-1"]
[WhiteElo "1825"]
[BlackElo "2060"]

1.Nf3 d5 2.c4 c6 3.b3 Nf6 4.Bb2 Bf5 5.g3 Nbd7 6.Bg2 e6 7.O-O Bd6 8.d4 O-O
9.Nbd2 Ne4 10.Nh4 Re8 11.Rc1 Be7 12.Nxf5 exf5 13.f3 Nd6 14.c5 Nb5 15.e4 fxe4
16.fxe4 dxe4 17.Nxe4 Nf6 18.Qd3 Nc7 19.Ng5 h6 20.Nf3 Bf8 21.Qc4 Ncd5 22.Ne5 Qa5
23.a3 Re7 24.b4 Qc7 25.Rce1 Rae8 26.a4 Re6 27.Bh3 R6e7 28.Bg2 Qc8 29.b5 Rd8
30.bxc6 bxc6 31.Re2 Ng4 32.Nxg4 Qxg4 33.Rxe7 Bxe7 34.Bf3 Qe6 35.Qe2 Qxe2
36.Bxe2 Ne3 37.Rf3 Nc2 38.Bc4 Bf6 39.Kf1 Re8 40.Kf2 Nxd4 41.Bxd4 Bxd4+ 42.Kg2 Re7
43.Rf5 g6 44.Rf4 Rd7 45.Kf3 Kg7 46.Be2 f5  0-1

[Event "AUT-chT2S 9394"]
[Site "AUT"]
[Date "1994.??.??"]
[Round "?"]
[White "Stiffler, Emil"]
[Black "Figler, D."]
[Result "0-1"]
[WhiteElo "2065"]
[BlackElo "2070"]

1.Nf3 d5 2.c4 c6 3.g3 Nf6 4.Bg2 e6 5.b3 Be7 6.O-O O-O 7.Bb2 a5 8.d4 Ne4 9.Nbd2 f5
10.Nxe4 fxe4 11.Ne5 Nd7 12.Nxd7 Bxd7 13.f3 exf3 14.exf3 Bd6 15.f4 Qf6 16.Qc2 Rae8
17.Rad1 Kh8 18.Kh1 Re7 19.c5 Bc7 20.Bc3 Ree8 21.Qd2 Ra8 22.a3 Qf5 23.Rfe1 Be8
24.Re3 g5 25.fxg5 Qxg5 26.Rxe6 Qh5 27.Rh6 Qg4 28.Rh4 Qg7 29.Re1 Bg6 30.Re6 Bf5
31.Re2 Bd8 32.Qe1 Bxh4 33.gxh4 Rg8 34.Bd2 Bd3 35.Rf2 Rae8 36.Qg1 Qxd4 37.Bc1 Qxh4
38.Rf4 Rxg2 39.Qd4+ Rg7 40.Qxg7+ Kxg7 41.Bb2+ Kg6  0-1

[Event "AUT-chT2S 9394"]
[Site "AUT"]
[Date "1994.??.??"]
[Round "?"]
[White "Detter, Peter"]
[Black "Schmaranzer, Alfred"]
[Result "1/2-1/2"]
[WhiteElo "2110"]
[BlackElo "2070"]

1.Nf3 d5 2.c4 c6 3.d4 Nf6 4.Nc3 g6 5.Bf4 Bg7 6.e3 Bg4 7.Qb3 Qb6 8.Qxb6 axb6
9.Ne5 dxc4 10.Bxc4 O-O 11.Nxg4 Nxg4 12.h3 Nf6 13.O-O e6 14.b4 b5 15.Bb3 Na6
16.a4 bxa4 17.Nxa4 Nd5 18.Bxd5 exd5 19.Nb6 Rad8 20.Rab1 h6 21.b5 cxb5 22.Rxb5 g5
23.Bh2 f5 24.Nxd5 Rf7 25.g4 f4 26.exf4 Bxd4 27.fxg5 hxg5 28.Ne3 Bc5 29.Nf5 Rfd7
30.Be5 Kf7 31.Rfb1 Rd1+ 32.Rxd1 Rxd1+ 33.Kg2 b6 34.Rb2 Nb4 35.Bg3 Nd3 36.Ra2 b5
37.Bd6 Nb4 38.Rb2 Rxd6 39.Nxd6+ Bxd6 40.h4 gxh4 41.Kh3 Be7 42.g5 Kg6  1/2-1/2

[Event "Bahn-chG"]
[Site "Bad Laasphe"]
[Date "1994.??.??"]
[Round "4"]
[White "Schieferstein, Michael"]
[Black "Jankowski, Richard"]
[Result "0-1"]
[WhiteElo "1785"]
[BlackElo "1980"]

1.Nf3 d5 2.c4 e6 3.g3 c6 4.b3 Be7 5.Bb2 Bf6 6.Qc2 Bxb2 7.Qxb2 Qf6 8.d4 Ne7
9.Bg2 O-O 10.O-O c5 11.Na3 Nbc6 12.e3 Nf5 13.Rfd1 Rd8 14.cxd5 exd5 15.Rac1 cxd4
16.exd4 h6 17.Qd2 Nfe7 18.Re1 Bg4 19.Ne5 Be6 20.Nb1 Rac8 21.Nc3 Nf5 22.Nxc6 Rxc6
23.Red1 a6 24.Ne2 Ne7 25.Rxc6 Nxc6 26.h3 Qe7 27.Nf4 Rd6 28.Qe3 Qf6 29.Rd2 Ne7
30.Qe5 Qxe5 31.dxe5 Rd7 32.Nd3 b6 33.f4 a5 34.Kf2 Rc7 35.g4 g6 36.Bf3 b5
37.Ne1 Kf8 38.Rc2 Rc6 39.Ke3 h5 40.Kd4 hxg4 41.hxg4 Rb6 42.Rc7 b4 43.Kc5 Rb8
44.Nc2 a4 45.Nd4 axb3 46.axb3 Ra8 47.Kxb4 Ra1 48.Rc2 Rg1 49.Nxe6+ fxe6 50.Kc5 Rf1
51.Rc3 Nc8 52.b4 Rb1 53.Be2 Ne7 54.b5 d4 55.Rd3 Rc1+ 56.Kxd4 Nd5 57.Rf3 Nb6
58.f5 gxf5 59.gxf5 exf5 60.Rxf5+ Ke7 61.Rh5 Rc2 62.Rh7+ Kd8 63.Bd3 Rd2 64.e6 Rd1
65.Rb7 Nc8 66.Rd7+ Ke8 67.Kc5 Rc1+ 68.Bc4 Rc2 69.Rh7 Nb6 70.Kxb6 Rxc4 71.Kb7 Rb4
72.b6 Rb1 73.Kc7 Rc1+ 74.Kb8 Rb1 75.b7  0-1

[Event "Bad Woerishofen op"]
[Site "Bad Woerishofen"]
[Date "1994.??.??"]
[Round "2"]
[White "Schmittdiel, Eckhard"]
[Black "Peicheva Hansen, Evgenia"]
[Result "1-0"]
[WhiteElo "2450"]
[BlackElo "2185"]

1.Nf3 d5 2.c4 c6 3.g3 Bg4 4.Bg2 e6 5.O-O Nf6 6.b3 Nbd7 7.Bb2 Bxf3 8.Bxf3 Bd6
9.Qc2 O-O 10.Bg2 h5 11.d4 h4 12.Nd2 hxg3 13.hxg3 Ng4 14.e4 Qg5 15.Rfe1 Bb4
16.Bc3 Bxc3 17.Qxc3 Qh5 18.Nf1 dxe4 19.Rxe4 Ndf6 20.Re2 Rad8 21.Rae1 Nh7
22.f3 Ngf6 23.Re5 Qh6 24.R1e2 Rd7 25.Rd2 Rfd8 26.Ne3 Nf8 27.f4 Qh7 28.Bf3 g6
29.Rh2 Qg7 30.Nc2 Ne8 31.Qe1 Nd6 32.g4 f6 33.Re3 g5 34.fxg5 Qxg5 35.Kf2 Rh7
36.Qh1 Rxh2+ 37.Qxh2 Nf7 38.Qh5 Qxh5 39.gxh5 Ng5 40.Be2 Kg7 41.Rg3 Kh6 42.Ke3 Nd7
43.Rg1 Nb6 44.Rf1 Rf8 45.Kd3 Nc8 46.Ne3 Nd6 47.Ng4+ Kg7 48.Bd1 Nde4 49.Rf4 f5
50.Nf2 e5 51.dxe5 Ne6 52.Rxe4 fxe4+ 53.Nxe4 Rf5 54.Nd6 Rxe5 55.Nxb7 Rg5 56.Kc3 c5
57.Kb2 Nd4 58.Kc3 Rg3+ 59.Kd2 Ne6 60.Bc2 Rg5 61.Bd1 Rg2+ 62.Kc3 Rg3+ 63.Kb2 Rg5
64.Bf3 Nf4 65.Ka3 Nxh5 66.Bxh5 Rxh5 67.Ka4 Kf7 68.Kb5 Ke7 69.Nxc5 Kd6 70.b4 Kc7
71.a4 Rg5 72.Ka6 Rg4 73.Kxa7 Rxc4 74.Na6+ Kc8 75.b5 Rh4 76.b6 Rh7+ 77.Ka8 Rh6
78.b7+  1-0

[Event "Bad Woerishofen op"]
[Site "Bad Woerishofen"]
[Date "1994.??.??"]
[Round "8"]
[White "Dizdar, Goran"]
[Black "Bach, Adrian"]
[Result "1-0"]
[WhiteElo "2500"]
[BlackElo "2340"]

1.Nf3 d5 2.c4 c6 3.e3 Nf6 4.d4 e6 5.Bd3 Nbd7 6.O-O Bd6 7.Nc3 dxc4 8.Bxc4 b5
9.Bd3 b4 10.Ne4 Nxe4 11.Bxe4 Ba6 12.Bd3 Qa5 13.b3 O-O 14.Bb2 Rfd8 15.Bxa6 Qxa6
16.Nd2 c5 17.Ne4 Bf8 18.dxc5 f5 19.Nd2 Nxc5 20.Bd4 Rd5 21.Qc2 Rad8 22.Nc4 Ne4
23.Rac1 Qb7 24.Rfd1 Ng5 25.Ne5 Bd6 26.Nc6 Rd7 27.Bb2 Rc5 28.Nd8 Rxc2 29.Nxb7 Rxc1
30.Bxc1 Bxh2+  1-0

[Event "Oberliga Bayern9394"]
[Site "Bayern"]
[Date "1994.??.??"]
[Round "?"]
[White "Stierhof, Michael"]
[Black "Keller, Manfred"]
[Result "0-1"]
[WhiteElo "1995"]
[BlackElo "2220"]

1.Nf3 d5 2.c4 e6 3.g3 Nf6 4.Bg2 Be7 5.O-O O-O 6.b3 c5 7.Bb2 Nc6 8.e3 b6 9.Qe2 Bb7
10.Rd1 dxc4 11.bxc4 Qc7 12.Nc3 a6 13.Rab1 Rab8 14.Ba1 Na5 15.d3 Nd7 16.Nd2 Bxg2
17.Kxg2 b5 18.cxb5 axb5 19.Kg1 b4 20.Na4 Ra8 21.Rdc1 Nc6 22.Qd1 Qa7 23.Nxc5 Bxc5
24.d4 Nxd4 25.exd4 Bxd4 26.Bxd4 Qxd4 27.Nf3 Qxd1+ 28.Rxd1 Nf6 29.Rxb4 Rxa2
30.Ne5 Nd5 31.Rb7 Re2 32.Nd7 Ra8 33.Rdb1 g5 34.Rb8+ Rxb8 35.Rxb8+ Kg7 36.Kf1 Rc2
37.h3 h5 38.Ne5 Kf6 39.Nf3 g4 40.hxg4 hxg4 41.Nh2 Kf5 42.Rh8 Nf6 43.Rf8 Rc7
44.Ra8 Ne4 45.Rg8 Ng5 46.Kg2 Rc4 47.Nf1 Ra4 48.Ne3+ Kf6 49.Kf1 Nf3 50.Kg2 Ne5
51.Kf1 Ke7 52.Rh8 f5 53.Rh6 Ra2 54.Nd1 Nd3 55.Rh8 Rd2  0-1

[Event "Oberliga Bayern9495"]
[Site "Bayern"]
[Date "1994.??.??"]
[Round "1"]
[White "Mandl, Robert"]
[Black "Gdanski, Jacek"]
[Result "1/2-1/2"]
[WhiteElo "2430"]
[BlackElo "2505"]

1.Nf3 d5 2.c4 c6 3.d4 e6 4.Qc2 Nf6 5.e3 Nbd7 6.Nc3 Bd6 7.b3 O-O 8.Be2 Qe7
9.O-O Re8 10.Rd1 b6 11.e4 Nxe4 12.Nxe4 dxe4 13.Qxe4 Bb7 14.Bb2 Rad8 15.Bd3 f5
16.Qe2 c5 17.dxc5 Nxc5 18.Bc2 a5 19.a3 Ne4 20.Bxe4 Bxe4 21.Qe3 Qc7 22.h3 e5
23.b4 axb4 24.axb4 Bxb4 25.Rxd8 Qxd8 26.Nxe5 Qc7 27.Qg3 Bd6 28.f4 Bc5+ 29.Kh2 Rd8
30.Bc3 Bf8 31.Ra2 Rd1 32.Rd2 Rxd2 33.Bxd2 Qd6 34.Qf2 Qd8 35.Be3 g5 36.Bxb6 Qf6
37.Be3 gxf4 38.Bxf4 Qg7 39.Qg3 Qxg3+ 40.Kxg3 Bd6 41.Nf3 Bc5 42.Be5 Bd3 43.Kf4 Bxc4
44.h4 Bd3 45.Nd4  1/2-1/2